The influence of prison gang affiliation on violence and other prison misconduct : subtitle /

Bibliographic Details
Main Author: Gaes, Gerald G.
Corporate Author: United States. Bureau of Prisons
Format: Government Document Book
Language:English
Published: [Washington, D.C.] : [Federal Bureau of Prisons], [2001]
Subjects:
Online Access:https://purl.fdlp.gov/GPO/LPS115650

MARC

Tag First Indicator Second Indicator Subfields
LEADER 00000cam a2200000Ka 4500
001 in00002519213
005 20211202192253.0
006 m d f
008 090805s2001 dcu s f000 0 eng d
035 |a (OCoLC)ocn429235483 
040 |a GPO  |c GPO  |d GPO  |d MvI  |d UtOrBLW 
043 |a n-us--- 
049 |a WWW 
074 |a 0721 (online) 
086 0 |a J 1.14/2:P 93 
100 1 |a Gaes, Gerald G. 
245 1 4 |a The influence of prison gang affiliation on violence and other prison misconduct :  |b subtitle /  |c Gerald G. Gaes [and others]. 
264 1 |a [Washington, D.C.] :  |b [Federal Bureau of Prisons],  |c [2001] 
300 |a 1 online resource (47 pages) 
336 |a text  |b txt  |2 rdacontent 
337 |a computer  |b c  |2 rdamedia 
338 |a online resource  |b cr  |2 rdacarrier 
500 |a Title from PDF title screen (viewed on Aug. 5, 2009). 
500 |a "March 9, 2001." 
500 |a Electronic resource. 
650 0 |a Prison gangs  |z United States. 
776 0 8 |i Print version:  |a Gaes, Gerald G.  |t Influence of prison gang affiliation on violence and other prison misconduct  |h 47 p.  |w (OCoLC)225401351 
710 1 |a United States.  |b Bureau of Prisons. 
856 4 0 |u https://purl.fdlp.gov/GPO/LPS115650  |t 0 
999 |a MARS 
999 f f |s c46149af-0391-3e54-bee1-4669ee0a80b9  |i 2a3da316-4792-3d48-9a50-04ac1fff8380  |t 0 
952 f f |a Texas A&M University  |b College Station  |c Electronic Resources  |d Available Online  |t 0  |e J 1.14/2:P 93  |h Superintendent of Documents classification 
998 f f |a J 1.14/2:P 93  |t 0  |l Available Online